000 01117nam a22002777a 4500
999 _c114764
_d114764
003 dpl
005 20190705164530.0
008 180705b xxu||||| |||| 00| 0 eng d
010 _aA-929513, A-929517
020 _c65.00
035 _aA-881727, A-929517
037 _bCen Lib/Ret
040 _aDPL
_bHN
_c0
082 _a
_bसांकृत्या
100 _aसांकृत्यायन, राहुल
_99382
245 _aबहुरंगी मधुपुरी /
_cराहुल सांकृत्यायन
246 _aBahurangi madhupuri /
_bby Rahul Sankrityayan
260 _aइलाहाबाद
_bकिताब महल
_c1947
270 _bइलाहाबाद
_a22-ए, सरोजनी नायडू मार्ग
300 _aiii, 277पृ.
_c21सेमी (सजिल्द)
650 _aहिन्दी साहित्य
_958228
650 _aकहानी संग्रह
_958229
650 _aHindi literature
_958230
650 _aStory collection
_958231
942 _2ddc
_cHN
_h
_mसांकृत्या